Normal view
MARC view
- Economics-Project Report
Entry Topical Term
001 - CONTROL NUMBER
- control field: 31261
003 - CONTROL NUMBER IDENTIFIER
- control field: NUST
005 - DATE AND TIME OF LATEST TRANSACTION
- control field: 20201005122236.0
008 - FIXED-LENGTH DATA ELEMENTS
- fixed length control field: 201005|| aca||aabn | a|a d
040 ## - CATALOGING SOURCE
- Original cataloging agency: NUST
- Transcribing agency: NUST
150 ## - HEADING--TOPICAL TERM
- Topical term or geographic name entry element: Economics-Project Report
670 ## - SOURCE DATA FOUND
- Source citation: Work cat.: (NUST): Arshad, Asma ; Huda Abdul Azaiz ; Ruhma Tahir and Shanza Hamid 31260, Economic Development in Pakistan (1947-1958) /, 2003.
